| 000 | 01987cam a22003858a 4500 | ||
|---|---|---|---|
| 001 | 17377825 | ||
| 003 | PILC | ||
| 005 | 20160523093437.0 | ||
| 008 | 120703s2013 pau b 001 0 eng | ||
| 010 | _a 2012027163 | ||
| 020 | _a9781451115659 | ||
| 020 | _a9781496339928 | ||
| 035 | _a(DNLM)101587465 | ||
| 040 |
_aDNLM/DLC _cDLC _dDLC |
||
| 042 | _apcc | ||
| 050 | 0 | 0 |
_aRC 78 _b.T67 2013 |
| 060 | 1 | 0 | _aWN 160 |
| 082 | 0 | 0 | _a616.07/57 |
| 100 | 1 | _aDutton, Andrea Guillen. | |
| 245 | 1 | 0 |
_aTorres' patient care in imaging technology / _cauthors, Andrea Guillen Dutton, Terriann Linn-Watson, Lillian S. Torres. |
| 246 | 1 | _aPatient care in imaging technology | |
| 250 | _a8th edition. | ||
| 260 |
_aPhiladelphia : _bWolters Kluwer Health/Lippincott Williams & Wilkins, _c2013. |
||
| 300 |
_axxii, 378 pages : _c26 cm. _billustrations ; |
||
| 500 | _aIncludes bibliographical references and index. | ||
| 500 | _aRev. ed. of: Patient care in imaging technology / Lillian S. Torres, Andrea Guillen Dutton, TerriAnn Linn-Watson. 7th ed. c2010. | ||
| 505 | 0 | _aIntroduction to radiography, safety, and student success --Professional issues -- Patient assessment and communication -- Patient care and safety -- Infection control -- Vital signs and oxygen administration -- Pediatric imaging radiography -- Geriatric imaging -- Medical emergencies -- Trauma and mobile imaging -- Urologic procedures -- Gastrointestinal procedures -- Alternative medical treatments -- Use of aseptic technique in imaging -- Pharmacology for the radiographer -- Drug administration and venipuncture -- Basic electrocardiogram ecg monitoring -- Advanced modalities and special procedures. | |
| 650 | 1 | 2 |
_aTechnology, Radiologic _xmethods. |
| 650 | 2 | 2 |
_aPatient Care _xmethods. |
| 700 | 1 | _aLinn-Watson, TerriAnn. | |
| 700 | 1 | _aTorres, Lillian S. | |
| 700 | 1 |
_aTorres, Lillian S. _tPatient care in imaging technology. |
|
| 906 |
_a7 _bcbc _corignew _d1 _eecip _f20 _gy-gencatlg |
||
| 942 |
_2lcc _cBK |
||
| 999 |
_c294685 _d294685 |
||